| 000 | 00573nam a2200217 a 4500 | ||
|---|---|---|---|
| 001 | BRL_583 | ||
| 005 | 20190320210818.0 | ||
| 008 | 040913s1926----gw-#######---#000-0#ger-# | ||
| 041 | _ager | ||
| 044 | _agw | ||
| 050 | 4 |
_aBM669 _b.F47 19 |
|
| 245 | 1 | 0 | _aFest gebete der Israeliten |
| 300 |
_a384 p. _c20 p. |
||
| 500 | _aPresenta desprendimiento en la pasta del libro y faltante de hojas | ||
| 500 | _aAu636 | ||
| 500 | _aTexto en: alemán y hebreo | ||
| 650 | 1 | 4 |
_aOración _xJudaismo _924353 |
| 650 | 1 | 4 |
_aJudaismo _xLiturgia _924354 |
| 902 | _aGRL | ||
| 942 |
_2lcc _cB |
||
| 999 |
_c9395 _d9395 |
||